| 000 | 01250cad a22002055a 4500 | ||
|---|---|---|---|
| 001 | L153061 | ||
| 008 | 110601e20110516xxk 000 0 eng d | ||
| 035 | _a(Sirsi) u153061 | ||
| 041 | 0 | _aeng | |
| 110 | 2 |
_aHalifax _95942 |
|
| 245 | 0 | 0 |
_aCost of housing rises to three year high _h[electronic resource] |
| 260 | _c2011 | ||
| 490 |
_aHalifax Press Release _v16 May 2011 |
||
| 520 | _aAnnual Halifax review of the cost of owning and running a home. Compiled from a range of official statistics, including the ONS Family Spending Survey. Housing costs include mortgage payments (interest and capital repayments), council tax, spending on maintenance and repair, water supply, electricity, gas and other fuels, household appliances, tools and equipment, goods and services for routine household maintenance, telephone accounts, toiletries and household insurance. Between March 2010 and March 2011, the annuals costs increased by 1.4%. | ||
| 590 | _aKA | ||
| 651 | 4 | _aUNITED KINGDOM | |
| 690 | _aPROPERTY-RESIDENTIAL PROPERTY-RESIDENTIAL PROPERTY MARKET | ||
| 856 | 4 | 0 |
_uhttps://www.lloydsbankinggroup.com/media/pdfs/halifax/2011/Cost_of_housing_rises_to_three_year_high.pdf _zView this item free of charge at www.lloydsbankinggroup.com |
| 942 | _n0 | ||
| 999 |
_c83176 _d83176 |
||